| 000 | 00530cam a22001691 4500 | ||
|---|---|---|---|
| 082 | 0 | 0 |
_a531.112 _bEDW _cL-4 P-1 |
| 100 | 1 |
_aEdwards, Hiram W. _939815 |
|
| 245 | 1 | 0 |
_aAnalytic and vector mechanics, _cby Hiram W. Edwards ... |
| 250 | _a1st ed. | ||
| 260 |
_aNew York, London, _bMcGraw-Hill book company, inc., _c1933. |
||
| 300 |
_ax, 428 p. _bdiagrs. _c24 cm. |
||
| 526 |
_a0 _b0 _c0 _d531_112000000000000_EDW |
||
| 650 | 0 |
_aMCE _9379 |
|
| 650 | 0 |
_aMechanics, Analytic. _939816 |
|
| 650 | 0 |
_aVector analysis. _91184 |
|
| 942 |
_2ddc _cBK |
||
| 999 |
_c544241 _d544241 |
||